Dielectric materials and applications : (Record no. 9550)
[ view plain ]
| 000 -LEADER | |
|---|---|
| fixed length control field | 00719nam a22002292 4500 |
| 001 - CONTROL NUMBER | |
| control field | 9550 |
| 003 - CONTROL NUMBER IDENTIFIER | |
| rucl marc code | BD-RjUL |
| 005 - DATE AND TIME OF LATEST TRANSACTION | |
| control field | 20211208234810.0 |
| 008 - FIXED-LENGTH DATA ELEMENTS--GENERAL INFORMATION | |
| fixed length control field | 140121r19611954e 001 0 eng d |
| 035 ## - SYSTEM CONTROL NUMBER | |
| System control number | (BD-RjUL)9595 |
| 040 ## - CATALOGING SOURCE | |
| Original cataloging agency | UKM |
| Transcribing agency | UKM |
| Modifying agency | EQO |
| -- | BD-RjUL |
| Language of cataloging | eng |
| 041 ## - LANGUAGE CODE | |
| Language code of text/sound track or separate title | eng |
| 082 04 - DEWEY DECIMAL CLASSIFICATION NUMBER | |
| Classification number | 537.24 |
| Edition number | 18 |
| Author mark and year | VOD 1961 |
| 100 1# - MAIN ENTRY--PERSONAL NAME | |
| Personal name | Von Hippel, Arthur R. |
| Fuller form of name | (Arthur Robert), |
| Dates associated with a name | 1898- |
| 9 (RLIN) | 29582 |
| 245 10 - TITLE STATEMENT | |
| Title | Dielectric materials and applications : |
| Remainder of title | papers by twenty-two contributors / |
| 260 ## - PUBLICATION, DISTRIBUTION, ETC. (IMPRINT) | |
| Name of publisher, distributor, etc. | M. I. T. press, |
| Date of publication, distribution, etc. | c1954 [printing 1961] |
| Place of publication, distribution, etc. | Cambridge ; |
| -- | Massachusetts : |
| 300 ## - PHYSICAL DESCRIPTION | |
| Pagination | 438 p. : |
| Illustrations | ill. ; |
| Size | 29 cm. |
| 504 ## - BIBLIOGRAPHY, ETC. NOTE | |
| Bibliography, etc | Includes index. |
| 650 ## - SUBJECT ADDED ENTRY--TOPICAL TERM | |
| Topical term or geographic name as entry element | Dielectrics |
| 9 (RLIN) | 29583 |
| Topical term or geographic name as entry element | Mathematics |
| 9 (RLIN) | 215477 |
| 942 ## - ADDED ENTRY ELEMENTS (KOHA) | |
| Source of classification or shelving scheme | Dewey Decimal Classification |
| Koha item type | Books |
| Lost status | Source of classification or shelving scheme | Damaged status | Not for loan | Collection code | Permanent Location | Current Location | Shelving location | Date acquired | Source of acquisition | Cost, normal purchase price | Total Checkouts | Full call number | Date last seen | Copy number | Koha item type |
|---|---|---|---|---|---|---|---|---|---|---|---|---|---|---|---|
| Dewey Decimal Classification | Non-fiction | Central Library, University of Rajshahi | Central Library, University of Rajshahi | 18/12/1963 | Zeitlinger | 188.00 | 537.24 VOD 1961 | 21/01/2014 | C-2 | Books | |||||
| Dewey Decimal Classification | Not For Loan | Non-fiction | Central Library, University of Rajshahi | Central Library, University of Rajshahi | Reading Room | 09/08/1958 | John wiley | 16.65 | 537.24 VOD 1954 | 24/05/2017 | C-1 | Books |